| 000 | 01049nam a2200241Ia 4500 | ||
|---|---|---|---|
| 999 |
_c3655 _d3655 |
||
| 003 | OSt | ||
| 005 | 20200604121424.0 | ||
| 008 | 191128s1974 ag gr 000 0 spa d | ||
| 040 |
_aCO-JMCR _cCO-JMCR |
||
| 041 | 1 |
_aspa _hruso |
|
| 082 | 0 | 4 |
_a330.1 / _bB869t _223 |
| 100 | 1 |
_aBujarin, Nicolai L., _eautor _94943 |
|
| 245 | 1 | 0 |
_aTeoría económica del periodo de transición / _cNicolai L. Bujarin ; Anotaciones de Vladimir L. Lenin ; traducción Horacio Ciafardini |
| 260 |
_aBuenos Aires : _bPasado y Presente, _c1974 |
||
| 300 |
_a223 Páginas ; _c20 cm. |
||
| 505 | _aEstructura del capitalismo mundial -- Economía, poder estatal y guerra -- El derrumbe del sistema capitalista -- premisas generales de la edificación del comunismo -- ciudad y campo, el proceso de transformación social. | ||
| 534 | _pEkonomika Perejodnogo Perioda | ||
| 546 | _aTraducción del ruso | ||
| 650 | 1 | 4 |
_aEconomía _xTeorias _94944 |
| 700 | 1 |
_aLenin, Vladimir L., _eanotaciones _94945 |
|
| 700 | 1 |
_aCiafardini, Horacio, _etraductor _94946 |
|
| 942 |
_2ddc _cBK |
||